<?xml version="1.0" encoding="UTF-8"?>
<collection xmlns="http://www.loc.gov/MARC21/slim">
 <record>
  <leader>01230nam a2200217 a 4500</leader>
  <controlfield tag="001">1/54922</controlfield>
  <controlfield tag="008">220119s1991    gr            100 | gre d</controlfield>
  <datafield tag="040" ind1=" " ind2=" ">
   <subfield code="a">GR-PeUP</subfield>
  </datafield>
  <datafield tag="082" ind1="0" ind2="0">
   <subfield code="a">628.006 ΔΙΕ</subfield>
  </datafield>
  <datafield tag="111" ind1="2" ind2="4">
   <subfield code="a">Διεθνές Συνέδριο Περιβαλλοντικής Επιστήμης και Τεχνολογίας</subfield>
   <subfield code="n">(2ο :</subfield>
   <subfield code="d">1991 :</subfield>
   <subfield code="c">Μόλυβος, Μυτιλήνη)</subfield>
  </datafield>
  <datafield tag="245" ind1="1" ind2="0">
   <subfield code="a">Πρακτικά ΙΙ συνεδρίου περιβαλλοντικής επιστήμης και τεχνολογίας :</subfield>
   <subfield code="b">Μόλυβος-Μυτιλήνη, 1991, 2-5 Σεπτεμβρίου = Proceedings of the II Conference on environmental science and technology /</subfield>
   <subfield code="c">επιμ. Θ. Λέκκας.</subfield>
  </datafield>
  <datafield tag="246" ind1="1" ind2="0">
   <subfield code="a">Proceedings of the II Conference on environmental science and technology.</subfield>
  </datafield>
  <datafield tag="260" ind1=" " ind2=" ">
   <subfield code="a">Μυτιλήνη :</subfield>
   <subfield code="b">Πανεπιστήμιο Αιγαίου,</subfield>
   <subfield code="c">1991.</subfield>
  </datafield>
  <datafield tag="300" ind1=" " ind2=" ">
   <subfield code="a">917 σ. ;</subfield>
   <subfield code="c">25 εκ.</subfield>
  </datafield>
  <datafield tag="650" ind1=" " ind2="0">
   <subfield code="a">Environment</subfield>
   <subfield code="x">Congresses.</subfield>
  </datafield>
  <datafield tag="650" ind1=" " ind2="0">
   <subfield code="a">Environmental technology.</subfield>
  </datafield>
  <datafield tag="650" ind1=" " ind2="4">
   <subfield code="a">Τεχνολογία.</subfield>
  </datafield>
  <datafield tag="650" ind1=" " ind2="4">
   <subfield code="a">Περιβάλλον</subfield>
   <subfield code="v">--Συνέδρια.</subfield>
  </datafield>
  <datafield tag="700" ind1="1" ind2=" ">
   <subfield code="a">Λέκκας , Θεμιστοκλής Δ.</subfield>
  </datafield>
  <datafield tag="852" ind1=" " ind2=" ">
   <subfield code="a">INST</subfield>
   <subfield code="b">UNIPILB</subfield>
   <subfield code="c">MAIN</subfield>
   <subfield code="e">20220119</subfield>
   <subfield code="h">628.006 ΔΙΕ</subfield>
   <subfield code="p">00186898</subfield>
   <subfield code="q">00186898</subfield>
   <subfield code="t">LOAN</subfield>
   <subfield code="y">0</subfield>
   <subfield code="4">1</subfield>
  </datafield>
  <datafield tag="960" ind1=" " ind2=" ">
   <subfield code="a">ΜΑΡΙΑ ΒΕΛ</subfield>
  </datafield>
 </record>
</collection>
